|
|
|
|
| LEADER |
02743nam a2200469 a 4500 |
| 001 |
EBC422810 |
| 003 |
MiAaPQ |
| 005 |
20191030193359.0 |
| 006 |
m o d | |
| 007 |
cr cn||||||||| |
| 008 |
060814s2006 enka sb 001 0 eng |
| 010 |
|
|
|z 2006280730
|
| 015 |
|
|
|a GBA581604
|2 bnb
|
| 016 |
7 |
|
|z 013301030
|2 Uk
|
| 020 |
|
|
|z 0199285977 (hbk.)
|
| 020 |
|
|
|z 9780199285983
|
| 020 |
|
|
|z 0199285985 (pbk.)
|
| 020 |
|
|
|a 9780191558139 (electronic bk.)
|
| 024 |
3 |
|
|a 9780199285976
|
| 024 |
3 |
|
|a 9780199285983
|
| 035 |
|
|
|a (MiAaPQ)EBC422810
|
| 035 |
|
|
|a (Au-PeEL)EBL422810
|
| 035 |
|
|
|a (CaPaEBR)ebr10233738
|
| 035 |
|
|
|a (CaONFJC)MIL226875
|
| 035 |
|
|
|a (OCoLC)466433970
|
| 040 |
|
|
|a MiAaPQ
|c MiAaPQ
|d MiAaPQ
|
| 050 |
|
4 |
|a HD4904
|b .S63 2006
|
| 082 |
0 |
4 |
|a 306.36
|2 22
|
| 245 |
0 |
0 |
|a Social theory at work
|h [electronic resource] /
|c edited by Marek Korczynski, Randy Hodson, Paul K. Edwards.
|
| 260 |
|
|
|a Oxford ;
|a New York :
|b Oxford University Press,
|c 2006.
|
| 300 |
|
|
|a xiv, 502 p. :
|b ill.
|
| 504 |
|
|
|a Includes bibliographical references and index.
|
| 505 |
0 |
|
|a Introduction : Competing, collaborating, and reinforcing theories / Marek Korczynski, Randy Hodson, and Paul Edwards -- Marxist thought and the analysis of work / Richard Hyman -- Max Weber and the irony of bureaucracy / Graham Sewell and James Barker -- A Durkheimian view of organizational culture / James Lincoln and Didier Guillot -- Feminist theories of work / Heidi Gottfried -- Foucauldian and postmodern thought and the analysis of work / Gibson Burrell -- The economic approach of the labor market / Steve Machin -- Institutional economics and the analysis of work / Geoffrey Hodgson -- Economic worlds of work : uniting economic sociology with the sociology of work / Thomas Beamish and Nicole Woolsey Biggart -- Organizational sociology and the analysis of work / Heather Haveman and Mukti Khaire -- Ethics and work / Karen Legge -- Technology and work / Jacques Belanger -- Professional work / Keith Macdonald -- Towards a theory of dominant interests, globalization, and work / Stephen Frenkel -- Identity and work / Robin Leidner -- Conclusions : Change at work and the opportunities for theory / Peter Cappelli.
|
| 533 |
|
|
|a Electronic reproduction. Ann Arbor, MI : ProQuest, 2016. Available via World Wide Web. Access may be limited to ProQuest affiliated libraries.
|
| 650 |
|
0 |
|a Work
|x Sociological aspects.
|
| 650 |
|
0 |
|a Economics
|x Sociological aspects.
|
| 655 |
|
4 |
|a Electronic books.
|
| 700 |
1 |
|
|a Korczynski, Marek.
|
| 700 |
1 |
|
|a Hodson, Randy.
|
| 700 |
1 |
|
|a Edwards, P. K.
|q (Paul K.)
|
| 710 |
2 |
|
|a ProQuest (Firm)
|
| 856 |
4 |
0 |
|u https://ebookcentral.proquest.com/lib/matrademy/detail.action?docID=422810
|z Click to View
|